Statistics for Arkansas General Knowledge

Click here to take the quiz!

General Stats

  • This quiz has been taken 132 times
  • The average score is 10 of 15

Answer Stats

HintAnswer% Correct
Capital of ArkansasLittle Rock
100%
Former U.S. president from ArkansasBill Clinton
96%
City on Texas-Arkansas borderTexarkana
92%
Large business headquartered in BentonvilleWalmart
91%
This state is the only place still mining this Diamond
89%
Location of University of ArkansasFayetteville
86%
River that runs through the above cityArkansas River
85%
Nickname: The ______ StateNatural
82%
Small town with Bill Clinton's Childhood HomeHope
80%
Mountain town and national park in ArkansasHot Springs
78%
Famous country singer born in ArkansasJohnny Cash
73%
Mountain range in Arkansas-OklahomaOuachita
39%
State park named after the above gemCrater of Diamonds
34%
Popular nature spot overlooking the OzarksHawk's Bill Crag/Whitaker Point
7%
Famous music festival in FayettevilleRoots
5%

Score Distribution

Percentile by Number Answered

Percent of People with Each Score

Your Score History

You have not taken this quiz